| 000 | 00502cam a2200157 4500 | ||
|---|---|---|---|
| 082 |
_a940.4 _bMAU |
||
| 100 | 1 |
_aMaurice, F. _949636 |
|
| 245 | 1 | 0 |
_aForty days in 1914, _cby Major-General Sir F. Maurice. _bMaurice, F. |
| 260 |
_aNew York, _bG. H. Doran co. _c[1919] |
||
| 300 |
_axi, 212 p. _bfold. maps. _c23 cm. |
||
| 526 |
_a0 _b0 _c0 _d940_400000000000000_MAU |
||
| 650 | 0 |
_aMCE _9379 |
|
| 650 | 0 |
_aTactics. _937945 |
|
| 650 | 0 |
_aWorld War, 1914-1918 _xCampaigns _zWestern Front. _949302 |
|
| 942 |
_2ddc _cBK |
||
| 999 |
_c552420 _d552420 |
||